[Event "Avoine op 30th"]
[Site "Avoine"]
[Date "2015.07.19"]
[Round "2"]
[White "Favrel, Nicolas"]
[Black "Lukasiewicz, Grzegorz"]
[Result "0-1"]
[WhiteElo "1900"]
[BlackElo "2245"]
[PlyCount "106"]
[EventDate "2015.07.18"]
[EventType "swiss"]
[EventRounds "9"]
[EventCountry "FRA"]
[SourceTitle "EXT 2016"]
[Source "ChessBase"]
[SourceDate "2015.10.08"]
[SourceVersion "1"]
[SourceVersionDate "2015.10.08"]
[SourceQuality "1"]

1. d4 d5 2. Nf3 c6 3. g3 Bf5 4. Bg2 e6 5. 0-0 Be7 6. c4 Nf6 7. Qb3 Qb6 8. c5 Qxb3 9. axb3 Na6 10. Bf4 0-0 11. Ra4 Rfc8 12. Nbd2 Nc7 13. Rc1 Nb5 14. b4 h6 15. Nb3 g5 16. Be3 Nd7 17. h4 f6 18. Raa1 Bf8 19. Bd2 Re8 20. Bc3 Bg7 21. Re1 Nf8 22. hxg5 fxg5 23. Ne5 Bc2 24. Na5 Re7 25. Rac1 Bf5 26. e4 Bxe5 27. dxe5 Bxe4 28. Bxe4 dxe4 29. Rxe4 Rd8 30. Nc4 Rd5 31. Kg2 Ng6 32. Rce1 Kg7 33. Nd6 a6 34. Kh3 Rd7 35. Kg4 Ne7 36. f4 Nxc3 37. bxc3 Rd3 38. R4e3 Rxe3 39. Rxe3 Kg6 40. c4 Nf5 41. Rd3 h5+ 42. Kf3 g4+ 43. Kf2 h4 44. gxh4 Kh5 45. Rd1 g3+ 46. Kf3 g2 47. Rb1 Nxh4+ 48. Kf2 Kg4 49. f5 exf5 50. e6 Re7 51. Re1 Nf3 52. Re3 g1Q+ 53. Ke2 Qg2+ 0-1

[Event "Avoine op 29th"]
[Site "Avoine"]
[Date "2014.07.25"]
[Round "7"]
[White "Favrel, Nicolas"]
[Black "Goettelmann, Guillaume"]
[Result "0-1"]
[WhiteElo "1786"]
[BlackElo "2119"]
[PlyCount "106"]
[EventDate "2014.07.19"]
[EventType "swiss"]
[EventRounds "9"]
[EventCountry "FRA"]
[SourceTitle "CBM 161 Extra"]
[Source "ChessBase"]
[SourceDate "2014.08.29"]
[SourceVersion "1"]
[SourceVersionDate "2014.08.29"]
[SourceQuality "1"]

1. Nf3 Nf6 2. d4 g6 3. g3 Bg7 4. Bg2 d5 5. 0-0 0-0 6. c4 dxc4 7. Na3 c3 8. bxc3 c5 9. Qb3 Nc6 10. Nc4 cxd4 11. Rd1 Be6 12. Nxd4 Na5 13. Nxe6 Nxb3 14. Nxd8 Nxa1 15. Nxb7 Nc2 16. Rd2 Rac8 17. Nba5 Ne1 18. Bc6 Rfd8 19. Kf1 Rxd2 20. Nxd2 Nc2 21. Bb2 Ne8 22. Bxe8 Rxe8 23. Nac4 Rd8 24. e3 Nb4 25. cxb4 Bxb2 26. Ke2 Bc3 27. b5 Bxd2 28. Nxd2 Kf8 29. Nb3 Ke8 30. Nd4 a6 31. a4 axb5 32. Nxb5 Kd7 33. Kd3 Kc6+ 34. Nd4+ Kb6 35. Ke4 Ra8 36. h4 Rxa4 37. h5 gxh5 38. Kf3 Kc5 39. Ne2 e5 40. Nc3 Ra6 41. Ne4+ Kc4 42. Kg2 h6 43. Nd2+ Kd3 44. Nf3 Ra5 45. Nh4 e4 46. Kg1 Ke2 47. Kg2 Rb5 48. f3 Kxe3 49. fxe4 Rb2+ 50. Kh3 Kxe4 51. Ng2 Rxg2 52. Kxg2 Kf5 53. Kf3 Kg5 0-1

[Event "Rohde op 12th"]
[Site "Sautron"]
[Date "2012.11.??"]
[Round "7"]
[White "Favrel, Nicolas"]
[Black "Le Gallo, Frederic"]
[Result "0-1"]
[WhiteElo "1723"]
[BlackElo "1983"]
[PlyCount "34"]
[EventDate "2012.10.27"]
[EventType "swiss"]
[EventRounds "9"]
[EventCountry "FRA"]
[SourceTitle "EXT 2014"]
[Source "ChessBase"]
[SourceDate "2013.11.20"]
[SourceVersion "1"]
[SourceVersionDate "2013.11.20"]
[SourceQuality "1"]

1. e4 c5 2. Nf3 d6 3. d4 cxd4 4. Nxd4 Nf6 5. Nc3 a6 6. Bg5 e6 7. f4 Qc7 8. Qf3 b5 9. 0-0-0 Bb7 10. a3 Nbd7 11. g4 Rc8 12. Rd2 Nc5 13. Bxf6 gxf6 14. Qe3 Be7 15. Rg1 Qb6 16. f5 e5 17. Nf3 Nb3+ 0-1